Smart Things to Know About Consultancy /
Contenido: 1. La naturaleza de la consultoría. 2. Decidir el rango de servicios. 3. Definir honorarios y política salarial. 4. Imagen y perfil profesional. 5. Mercado meta. 6. Promoción de tu negocio. 7. Venta personal y profesional. 8. Escritura de propósitos persuasivos. 9. Estilos laborales y 10....
Gorde:
| Egile nagusia: | |
|---|---|
| Formatua: | Liburua |
| Hizkuntza: | ingelesa |
| Argitaratua: |
Oxford, Inglaterra :
Capstone,
2002, c2002
|
| Saila: | (Smart Things to Know About)
|
| Gaiak: | |
| Etiketak: |
Etiketarik gabe, Izan zaitez lehena erregistro honi etiketa jartzen!
|
MARC
| LEADER | 00000nam^a2200000^a^4500 | ||
|---|---|---|---|
| 001 | 000153968 | ||
| 005 | 20250521000000.0 | ||
| 009 | 20260310100336.929 | ||
| 020 | |a 1-84112-438-9 | ||
| 037 | |a Acervo ITESO - Biblioteca | ||
| 041 | |a ING | ||
| 082 | |a 658. 46 |b FOR | ||
| 100 | |a Forsyth, Patrick |e (autor) | ||
| 245 | 1 | 0 | |a Smart Things to Know About Consultancy / |c P. Forsyth. |
| 264 | 4 | |a Oxford, Inglaterra : |b Capstone, |c 2002, c2002 | |
| 300 | |a XIII, 241 p. | ||
| 336 | |a texto |b txt |2 rdacontenido | ||
| 337 | |a sin mediación |b n |2 rdamedio | ||
| 338 | |a volumen |b nc |2 rdasoporte | ||
| 440 | 1 | |a (Smart Things to Know About) | |
| 520 | |a Contenido: 1. La naturaleza de la consultoría. 2. Decidir el rango de servicios. 3. Definir honorarios y política salarial. 4. Imagen y perfil profesional. 5. Mercado meta. 6. Promoción de tu negocio. 7. Venta personal y profesional. 8. Escritura de propósitos persuasivos. 9. Estilos laborales y 10. Opciones de desarrollo profesional. | ||
| 649 | |a XX | ||
| 650 | |a Consultoría de Empresas | ||
| 650 | |a Toma de Decisiones - |x Análisis de Información | ||
| 650 | |a Toma de Decisiones | ||
| 650 | |a Proceso Administrativo - |x Dirección | ||
| 650 | |a Empresas - |x Administración | ||
| 650 | |a Ciencias Administrativas | ||
| 910 | |a Fondo General | ||
| 920 | |a Impresos - Libros | ||
| 930 | |a Colección General | ||
| 905 | |a 101 | ||
| 901 | |a 0500085958 |b IT1 |c ACC |u 20250521 | ||
| 901 | |a 0500100434 |b IT1 |c ACC |u 20250521 | ||
| 902 | |a https://opac.biblio.iteso.mx/vufind/Record/000153968 | ||